000 00483nam a2200169Ia 4500
003 GCL
008 140319s9999 xx 000 0 ara d
040 _aGCL /
_cGCL
082 0 4 _a810.9
_bس ج
100 1 _aسامى سويدان (مترجم)
245 1 0 _aجدلية الحوار فى الثقافة والنقد /
_cسامى سويدان (مترجم)
300 _a275
490 _aكتاب
_v0
650 0 4 _aالادب العربى
650 0 4 _aالنقد
942 _2ddc
_cBK
999 _c42547
_d42547